| 000 | 00535nam a22001817a 4500 | ||
|---|---|---|---|
| 005 | 20220824093513.0 | ||
| 008 | 220824b ||||| |||| 00| 0 eng d | ||
| 040 | _cAL | ||
| 041 | _aEnglish | ||
| 082 |
_223 _a915.487 _bGHOB |
||
| 100 |
_aAurobindo Ghose _955252 |
||
| 245 | _aBidar Carnage:Facts factors fallacies | ||
| 260 |
_aDelhi _bPeoples rights organisation _c1988 |
||
| 300 |
_a54 p. _bPB _c21x14 cm. |
||
| 650 |
_aBidar: A socio economic cultural background _955253 |
||
| 700 |
_aGHOSE (Aurobindo) _955254 |
||
| 942 |
_2ddc _cGF |
||
| 999 |
_c224465 _d224465 |
||